000 00554nam a2200181 a 4500
005 20140310183635.0
008 020821s19uu xx 00 eng d
050 _aHF 5686
_b.V627 1998
100 _aVicente, Violeta Viray.
245 _aPartnership and corporation accounting /
_cVioleta Viray Vicente
260 _aManila ;
_bGIC Enterprises & Corporation Inc.,
_c1998.
300 _a162 p. :
_c23 cm.
_bill. ;
521 _aBSA
650 _aPartnership
_xaccounting
650 _aCorporation
_xaccounting
942 _cBK
_2lcc
_kLOC
999 _c25692
_d25692